000 00690nam a2200253Ia 4500
003 OSt
005 20220918225038.0
006 a|||||r|||| 00| 0
007 ta
008 220917b |||||||| |||| 00| 0 eng d
024 _a236,324
037 _cTextual
040 _aARTS
_cARTS
_beng
041 _2eng
_aeng
082 _aB28, K2
110 _aFederal assembly 1962
_9149530
245 0 _aWork of the Central Statistical Office
_b Report, 1961
260 _aSalisbury
_bThe Government Prienter
_c1962
300 _a9p.
_ccm.
650 _aMATHEMATICS
_92141
700 _aFederal assembly 1962
_9149531
942 _hB28, K2
_cTEXL
_2CC
999 _c283226
_d283226